Súčasná výroba funguje bez skladov

V priebehu nasledujúcich desiatich rokov bude logistika dôležitým odvetvím slovenskej ekonomiky. Charakteristika logistiky. Logistika úzko súvisí s dopravou. Moderná produkcia čoraz viac pracuje bez tradičných skladov. Tri piliere logistiky. Náklady na logistiku. Kľúčová úloha dopravy. Najväčším pro...

Descripción completa

Guardado en:
Detalles Bibliográficos
Autor principal: Sotník, Alexander
Formato: Capítulo de libro
Lenguaje:eslovaco
Materias:
Etiquetas: Agregar Etiqueta
Sin Etiquetas, Sea el primero en etiquetar este registro!

MARC

LEADER 00000naa$a2200000$$$4500
001 0090007
005 20231016090015.6
041 0 |a slo 
044 |a SK 
245 1 0 |a Súčasná výroba funguje bez skladov  |c Alexander Sotník 
520 |a V priebehu nasledujúcich desiatich rokov bude logistika dôležitým odvetvím slovenskej ekonomiky. Charakteristika logistiky. Logistika úzko súvisí s dopravou. Moderná produkcia čoraz viac pracuje bez tradičných skladov. Tri piliere logistiky. Náklady na logistiku. Kľúčová úloha dopravy. Najväčším problémom logistiky je kvalifikácia ľudí. 
610 2 0 |a logistika 
610 2 0 |a výroba 
610 2 0 |a sklady 
610 2 0 |a náklady 
610 2 0 |a doprava 
610 2 0 |a kvalifikácia 
100 1 |a Sotník, Alexander